zpět

Detail výsledku týmu

Na Tahu , Olomouc

Datum a čas kvízu

22.5 Celkem bodů Celkový počet nahraných bodů na tomto kvízu bez doplňovacích otázek.
3. Pořadí na kvízu Konečné umístění týmu na tomto kvízu.

Zaznamenané odpovědi

# Otázka Odpověď Body Výsledky
1. Aktuální popularity čínské zub... Jana Maláčová 0
2. Kontroverzní projekt výstavby... C) penis 1
3. Zářijové vydání magazínu Playb... Dominika Myslivcová 0
4. Ve čtvrtek sjel z výrobní link... Švédsko 1
5. Přestupová sága táhnoucí se ně... Ladislav Krejčí; Wolverhampton (Wanderers FC) 0
6. Jak se nazývá věda, která se z... adiktologie 1
7. Na čem je závislý člověk, kter... na internetu a digitálních technologiích 0
8. Na fotografii vidíte asi nejzn... Katka, Helena Třeštíková 1
9. Při léčbě některých závislostí... C 0
10. Téma zakončíme u knih. Holky n... Ivona Březinová 1